| 000 | 00859nam a22002897a 4500 | ||
|---|---|---|---|
| 005 | 20230512223111.0 | ||
| 008 | 180430t xxu||||| |||| 00| 0 eng d | ||
| 020 | _a9781635498356 | ||
| 040 | _cCSPC | ||
| 082 | 0 |
_a401 _bP549 |
|
| 245 | 0 | 0 | _aPhilosophy of language and linguistics |
| 260 |
_aUSA : _bLarsen & Keller _c2018. |
||
| 300 |
_a231 pages : _c26 cm. |
||
| 336 |
_2rdacontent _atext |
||
| 337 |
_2rdamedia _aunmediated |
||
| 338 |
_2rdacarrier _avolume |
||
| 500 | _aIncludes bibliographical references and index. | ||
| 650 | 1 | 0 |
_aLanguage and languages _xPhilosophy. |
| 650 | 1 | 0 |
_aLinguistics _vPhilosophy |
| 650 | 1 | 0 | _aLanguage and languages. |
| 650 | 1 | 0 | _aLinguistics. |
| 700 | 1 |
_aRobert Fitt _eeditor |
|
| 940 | _a123 | ||
| 942 |
_cBOOK _jCIR 401 P549 2018 |
||
| 999 |
_c8669 _d8669 |
||